[Event "Pirot Generations m 2nd"]
[Site "Pirot"]
[Date "2023.12.27"]
[Round "8.1"]
[White "Gu, Crystal Jiuzhou"]
[Black "Pejcic, Milutin"]
[Result "1/2-1/2"]
[WhiteElo "2045"]
[BlackElo "2133"]
[PlyCount "72"]
[EventDate "2023.12.27"]
[EventType "schev"]
[EventRounds "8"]
[EventCountry "SRB"]
[SourceTitle "CB01_2024"]
[SourceDate "2024.01.03"]
[SourceVersion "1"]
[SourceVersionDate "2024.01.03"]
[SourceQuality "1"]
[WhiteTeam "Youth"]
[BlackTeam "Experts"]
[WhiteTeamCountry "USA"]
[BlackTeamCountry "SRB"]

1. e4 e5 2. Nf3 d6 3. d4 exd4 4. Nxd4 Nf6 5. Nc3 Be7 6. Bc4 0-0 7. 0-0 Nxe4 8. Nxe4 d5 9. Bd3 dxe4 10. Bxe4 Na6 11. c3 c5 12. Nc2 Qc7 13. Qf3 Bd6 14. h3 Rb8 15. Rd1 Be6 16. Rxd6 Qxd6 17. Bf4 Qb6 18. Bxb8 Nxb8 19. b3 Nc6 20. Ne3 Ne5 21. Bxh7+ Kxh7 22. Qh5+ Kg8 23. Qxe5 Rd8 24. Rd1 Rxd1+ 25. Nxd1 Qd8 26. Qe2 b5 27. Ne3 a6 28. Qc2 Qd6 29. Qe4 g6 30. Qc2 Qe5 31. Qd2 Kg7 32. Nc2 Qe4 33. Ne3 Qb1+ 34. Kh2 Qe4 35. Kg1 Qb1+ 36. Kh2 Qe4 1/2-1/2

[Event "SRB-chT 1st League"]
[Site "Bajina Basta"]
[Date "2019.09.17"]
[Round "6.6"]
[White "Ignjatovic, Predrag"]
[Black "Pejcic, Milutin"]
[Result "1/2-1/2"]
[WhiteElo "2253"]
[BlackElo "2206"]
[PlyCount "108"]
[EventDate "2019.09.13"]
[EventType "team-tourn"]
[EventRounds "11"]
[EventCountry "SRB"]
[SourceTitle "CBM 195 Extra"]
[Source "ChessBase"]
[SourceDate "2020.05.31"]
[SourceVersion "1"]
[SourceVersionDate "2020.05.31"]
[SourceQuality "1"]
[WhiteTeam "Sabac"]
[BlackTeam "Pirot Progres"]
[WhiteTeamCountry "SRB"]
[BlackTeamCountry "SRB"]

1. e4 c5 2. Nc3 e6 3. g3 Nc6 4. Bg2 g6 5. d3 Bg7 6. Be3 Nd4 7. Qd2 Ne7 8. Nge2 Nec6 9. 0-0 0-0 10. a3 d6 11. Rab1 a5 12. f4 Rb8 13. Nd1 f5 14. Nf2 b6 15. c3 Nxe2+ 16. Qxe2 Bb7 17. Rbe1 Qd7 18. Bd2 Rbe8 19. Qd1 Kh8 20. Nh3 Nd8 21. Rf2 Qb5 22. Qc2 Ba6 23. Bf1 Qc6 24. Ng5 Nf7 25. Nxf7+ Rxf7 26. h4 fxe4 27. dxe4 Bxf1 28. Rexf1 c4 29. Be3 Ref8 30. f5 gxf5 31. exf5 e5 32. g4 d5 33. Qd2 d4 34. cxd4 Rd7 35. d5 Rxd5 36. Qe2 e4 37. g5 Bd4 38. Rf4 Qc5 39. Rxe4 Bxe3+ 40. Qxe3 Rdxf5 41. Rxf5 Qxe3+ 42. Rxe3 Rxf5 43. Kg2 Rb5 44. Re2 Rb3 45. Rc2 b5 46. h5 Re3 47. Kh2 Re5 48. Rg2 Kg7 49. Kg1 Rf5 50. Rg4 Rc5 51. Rg3 b4 52. axb4 axb4 53. Kf2 Kh8 54. Ke3 c3 1/2-1/2

[Event "SRB-chT2 East"]
[Site "Serbia"]
[Date "2017.09.10"]
[Round "5.2"]
[White "Mitic, Ivan M"]
[Black "Pejcic, Milutin"]
[Result "0-1"]
[WhiteElo "1933"]
[BlackElo "2203"]
[PlyCount "92"]
[EventDate "2017.09.08"]
[EventType "team-tourn"]
[EventRounds "11"]
[EventCountry "SRB"]
[SourceTitle "EXT 2022"]
[Source "ChessBase"]
[SourceDate "2021.10.06"]
[SourceVersion "1"]
[SourceVersionDate "2021.10.06"]
[SourceQuality "1"]

1. d4 Nf6 2. Nf3 d5 3. Bf4 c5 4. e3 Nc6 5. c3 Qb6 6. Qb3 e6 7. Nbd2 Be7 8. h3 Bd7 9. Be2 0-0 10. 0-0 Rfc8 11. Ne5 Be8 12. Ndf3 Ne4 13. Rfd1 f6 14. Nxc6 bxc6 15. Qa3 Kf8 16. Qa6 c4 17. Qxb6 axb6 18. a3 c5 19. Nd2 b5 20. Nxe4 dxe4 21. dxc5 e5 22. Bg3 Rd8 23. Kf1 Bxc5 24. Bg4 Ke7 25. Ke1 Bc6 26. Rxd8 Rxd8 27. Rd1 Bd7 28. Rxd7+ Rxd7 29. Bxd7 Kxd7 30. Ke2 Kc6 31. f3 Kd5 32. Be1 f5 33. Bg3 g5 34. Be1 h5 35. Bd2 exf3+ 36. gxf3 Be7 37. Be1 Bd8 38. Bg3 Bb6 39. Bf2 Bd8 40. Bg1 Bf6 41. Bh2 Bg7 42. Bg1 Bh6 43. Bf2 e4 44. h4 exf3+ 45. Kxf3 g4+ 46. Ke2 Ke4 0-1

[Event "SRB-chT 1st League"]
[Site "Kragujevac"]
[Date "2015.09.11"]
[Round "9.3"]
[White "Bozic, Milan"]
[Black "Pejcic, Milutin"]
[Result "1/2-1/2"]
[WhiteElo "2438"]
[BlackElo "2192"]
[PlyCount "130"]
[EventDate "2015.09.05"]
[EventType "team-tourn"]
[EventRounds "11"]
[EventCountry "SRB"]
[SourceTitle "EXT 2016"]
[Source "ChessBase"]
[SourceDate "2015.10.08"]
[SourceVersion "1"]
[SourceVersionDate "2015.10.08"]
[SourceQuality "1"]
[WhiteTeam "Valjevo Sveti Nikolaj"]
[BlackTeam "Pirot Progres"]
[WhiteTeamCountry "SRB"]
[BlackTeamCountry "SRB"]

1. c4 Nf6 2. Nc3 d5 3. d4 g6 4. g3 Bg7 5. Bg2 c6 6. Nf3 0-0 7. 0-0 Ne4 8. Qb3 Qb6 9. cxd5 Qxb3 10. axb3 Nxc3 11. bxc3 cxd5 12. Nd2 e5 13. e3 Be6 14. Bb2 Nc6 15. f4 exd4 16. exd4 Rfd8 17. Nf3 a5 18. Ne5 Nxe5 19. fxe5 Ra6 20. Ba3 a4 21. Be7 Rd7 22. Bd6 b5 23. Rfb1 Bf8 24. Bxf8 Kxf8 25. Bf1 Rc7 26. Bxb5 Ra5 27. bxa4 Rxc3 28. Rc1 Re3 29. Ra2 Rb3 30. Rd2 Ra7 31. Rc5 Ke7 32. Kf2 Ra3 33. Rdc2 Kd8 34. Rc6 Rb7 35. Ke2 Ra7 36. Rb6 Ke7 37. Rb8 Bd7 38. Rb2 Rc7 39. Kd2 h5 40. Rc2 Ra7 41. Rc5 Ra2+ 42. Rc2 Ra3 43. Kc1 Bxb5 44. axb5 R7a4 45. Rc6 Ra2 46. Rb7+ Kd8 47. Rb8+ Ke7 48. Rb7+ Kd8 49. Rd6+ Kc8 50. Re7 Rxh2 51. Ra6 Rc4+ 52. Kd1 Rc7 53. Rxc7+ Kxc7 54. Rf6 h4 55. Rxf7+ Kb6 56. e6 hxg3 57. e7 g2 58. Rf6+ Kc7 59. Rxg6 Kd7 60. Ke1 g1Q+ 61. Rxg1 Kxe7 62. Rg5 Kd6 63. Rg6+ Kd7 64. b6 Rh4 65. Kd2 Rxd4+ 1/2-1/2

[Event "SRB-chT Central"]
[Site "Kraljevo"]
[Date "2014.09.13"]
[Round "1.1"]
[White "Pejcic, Milutin"]
[Black "Tasic, Vladimir"]
[Result "1/2-1/2"]
[WhiteElo "2135"]
[BlackElo "2256"]
[PlyCount "122"]
[EventDate "2014.09.13"]
[EventType "team-tourn"]
[EventRounds "11"]
[EventCountry "SRB"]
[SourceTitle "CBM 162 Extra"]
[Source "ChessBase"]
[SourceDate "2014.10.17"]
[SourceVersion "1"]
[SourceVersionDate "2014.10.17"]
[SourceQuality "1"]
[WhiteTeam "Pirot"]
[BlackTeam "Kraljevo Sloga"]
[WhiteTeamCountry "SRB"]
[BlackTeamCountry "SRB"]

1. Nf3 g6 2. g3 Bg7 3. Bg2 d6 4. 0-0 e5 5. d4 exd4 6. Nxd4 Ne7 7. e4 0-0 8. Bg5 h6 9. Bc1 Nbc6 10. c3 d5 11. Nxc6 bxc6 12. Nd2 a5 13. Qc2 f5 14. exd5 cxd5 15. Nf3 Kh7 16. Be3 Ng8 17. Rad1 Nf6 18. Bc5 Re8 19. Rfe1 Ra6 20. Rxe8 Qxe8 21. Re1 Re6 22. Rxe6 Qxe6 23. Bd4 Ba6 24. Qd2 c6 25. Qe3 Qxe3 26. Bxe3 Nd7 27. Bd4 Bf8 28. Ne5 Nxe5 29. Bxe5 a4 30. Bf3 a3 31. bxa3 Bxa3 32. Bd1 Kg8 33. Ba4 Bb5 34. Bxb5 cxb5 35. Kf1 Kf7 36. Ke2 Ke6 37. Bd4 g5 38. h3 g4 39. hxg4 fxg4 40. Kd3 Kf5 41. Bb6 Be7 42. Be3 h5 43. Bd4 Ke6 44. Ke3 Bg5+ 45. Kd3 Kd6 46. Bg7 Kc6 47. Be5 Bc1 48. Bd4 Ba3 49. Ke3 Bd6 50. Kd3 Kb7 51. Be3 Be5 52. Bc5 Ka6 53. Bd4 Bd6 54. Be3 Bc7 55. Bc5 Be5 56. Bd4 Bc7 57. Bc5 Bd8 58. Kd4 Bf6+ 59. Kxd5 Bxc3 60. Ke4 b4 61. Kf5 Kb5 1/2-1/2

[Event "SRB-chT2 East"]
[Site "Serbia"]
[Date "2010.10.10"]
[Round "5"]
[White "Pejcic, Milutin"]
[Black "Velickovic, Dusan"]
[Result "1-0"]
[WhiteElo "2172"]
[BlackElo "1970"]
[PlyCount "86"]
[EventDate "2010.09.11"]
[EventType "team"]
[EventRounds "11"]
[EventCountry "SRB"]
[SourceTitle "EXT 2012"]
[Source "ChessBase"]
[SourceDate "2011.11.24"]
[SourceVersion "1"]
[SourceVersionDate "2011.11.24"]
[SourceQuality "1"]

1. Nf3 Nf6 2. c4 c5 3. g3 b6 4. Bg2 Bb7 5. b3 e6 6. Bb2 d5 7. Ne5 Bd6 8. 0-0 Nc6 9. Nxc6 Bxc6 10. Nc3 Qd7 11. cxd5 exd5 12. d4 Be7 13. Qd3 0-0 14. Rfd1 Rfd8 15. Rd2 Qe6 16. Rad1 Rac8 17. Qa6 Rc7 18. Nb5 Rcd7 19. dxc5 Bb7 20. Qa4 bxc5 21. e3 Bc6 22. Qa6 Rb8 23. Nxa7 Ra8 24. Qxc6 Rdxa7 25. Qxe6 fxe6 26. Bxf6 gxf6 27. e4 Rxa2 28. Rxa2 Rxa2 29. exd5 exd5 30. Bxd5+ Kf8 31. Bc4 Ra7 32. Kg2 Kg7 33. Kf3 Rc7 34. Kf4 h6 35. Kf5 Ra7 36. Rd2 Rc7 37. Ra2 Bd6 38. f4 Bf8 39. Ra6 Be7 40. h4 Rd7 41. Ra8 Bf8 42. Re8 Rb7 43. Rc8 Be7 1-0

[Event "SRB-chT2 East"]
[Site "Serbia"]
[Date "2010.09.19"]
[Round "2"]
[White "Pejcic, Milutin"]
[Black "Bradic, Rade"]
[Result "1-0"]
[WhiteElo "2172"]
[BlackElo "2030"]
[PlyCount "87"]
[EventDate "2010.09.11"]
[EventType "team"]
[EventRounds "11"]
[EventCountry "SRB"]
[SourceTitle "EXT 2012"]
[Source "ChessBase"]
[SourceDate "2011.11.24"]
[SourceVersion "1"]
[SourceVersionDate "2011.11.24"]
[SourceQuality "1"]

1. Nf3 Nf6 2. g3 d5 3. Bg2 c6 4. c4 g6 5. b3 Bg7 6. Bb2 0-0 7. 0-0 Re8 8. Qc2 Na6 9. d3 Bf5 10. Nbd2 Qc8 11. Rfc1 dxc4 12. Qxc4 h6 13. a3 Nc7 14. Rc2 Be6 15. Qa4 a5 16. Be5 b5 17. Qd4 Ra6 18. Rac1 Rd8 19. Qb2 Nce8 20. Nd4 Bd5 21. Nxc6 Bxc6 22. Rxc6 Rxc6 23. Rxc6 Qf5 24. Nf3 Rc8 25. Qc2 Rxc6 26. Qxc6 Qd7 27. Nd4 b4 28. a4 Qd8 29. Qa8 Qxa8 30. Bxa8 Nd7 31. Bxg7 Kxg7 32. Bc6 Nef6 33. Bxd7 Nxd7 34. Nc6 Nc5 35. Nxa5 e5 36. Nc6 Nxa4 37. Nxb4 Nc5 38. Nc6 e4 39. b4 exd3 40. exd3 Nxd3 41. Kf1 Kf6 42. Ke2 Nc1+ 43. Kd2 Na2 44. b5 1-0

[Event "SRB-chT 1st League"]
[Site "Vrnjacka Banja"]
[Date "2009.09.22"]
[Round "5"]
[White "Pejcic, Milutin"]
[Black "Mirkovic, Stevan"]
[Result "1-0"]
[WhiteElo "2162"]
[BlackElo "2245"]
[PlyCount "43"]
[EventDate "2009.09.19"]
[EventType "team-swiss"]
[EventRounds "11"]
[EventCountry "YUG"]
[SourceTitle "CBM 132 Extra"]
[Source "ChessBase"]
[SourceDate "2009.11.03"]
[SourceVersion "1"]
[SourceVersionDate "2009.11.03"]
[SourceQuality "1"]

1. Nf3 Nf6 2. g3 b6 3. Bg2 Bb7 4. c4 c5 5. 0-0 e6 6. Nc3 a6 7. d4 cxd4 8. Nxd4 Bxg2 9. Kxg2 Qc7 10. Qd3 Nc6 11. b3 Rc8 12. Bb2 Ne5 13. Qd1 h5 14. Nf3 h4 15. Nd5 Qb7 16. Bxe5 Ng4 17. Qd4 f5 18. Qxb6 Qc6 19. Qxc6 Rxc6 20. Ne3 d6 21. Bb2 hxg3 22. hxg3 1-0